| 000 | 01851nam a2200517 i 4500 | ||
|---|---|---|---|
| 001 | 4325 | ||
| 003 | KOSZ 005 | ||
| 005 | 20201008120238.0 | ||
| 008 | 970612s1990 pl a f f |000 0 pol | ||
| 015 | _aUWD 1991/11399 | ||
| 020 | _a832041105X | ||
| 035 | _a991002024919705066 | ||
| 035 | _a(PL-WaBN)b10564937-48omnis_nlop | ||
| 035 | _ab10564937 | ||
| 035 | _a(OCoLC)749174843 | ||
| 035 | _a(PL)b0000001056493 | ||
| 035 | _a(EXLNZ-48OMNIS_NETWORK)9910003767505606 | ||
| 040 |
_aWA N _cWA N _dWA N _dKOSZ 005/HR |
||
| 046 | _k1990 | ||
| 080 | _a621.43 | ||
| 080 | _a004.896 | ||
| 080 | _a(075.8) | ||
| 245 | 0 | 0 |
_aMikrokomputerowe obliczenia silnika spalinowego : _bobliczenia do projektu wstępnego / _c[aut. Jan Aleksander Wajand et al. ; red. Anna Żółcińska]. |
| 260 |
_aWarszawa : _bWydawnictwa Naukowo-Techniczne, _c1990. |
||
| 300 |
_a262, [2] s. : _brys., wykr. ; _c25 cm. |
||
| 336 |
_aTekst _btxt _2rdacontent |
||
| 337 |
_aBez urządzenia pośredniczącego _bn _2rdamedia |
||
| 338 |
_aWolumin _bnc _2rdacarrier |
||
| 380 | _aKsiążki | ||
| 380 | _aPublikacje dydaktyczne | ||
| 385 |
_mPoziom nauczania _aSzkoły wyższe |
||
| 388 | _a1901-2000 | ||
| 490 | 1 | _aWspomaganie Komputerowe CAD/CAM | |
| 504 | _aBibliogr. s. 262-[263]. | ||
| 650 | 7 |
_aSilniki spalinowe _2DBN |
|
| 650 | 7 | _aProjektowanie wspomagane komputerowo | |
| 655 | 7 |
_aPodręczniki akademickie _2DBN |
|
| 658 | _aInżynieria i technika | ||
| 700 | 1 |
_aWajand, Jan Aleksander _d(1929-2019) _eAutor |
|
| 700 | 1 |
_aŻółcińska, Anna _eRedakcja |
|
| 710 | 2 |
_aWydawnictwa Naukowo-Techniczne _4pbl |
|
| 830 | 0 | _aWspomaganie Komputerowe CAD/CAM | |
| 856 |
_uhttp://koha.tu.koszalin.pl/cgi-bin/koha/opac-detail.pl?biblionumber=4325 _yKatalog online BPK |
||
| 942 |
_2UKD _cKS |
||
| 999 |
_c4325 _d4325 |
||